000 00420nam a22001697a 4500
999 _c1151
_d1151
005 20210909161742.0
008 160520b xxu||||| |||| 00| 0 eng d
020 _a978-81-775-8827-9
041 _aeng
082 _b3353
_a006.7
100 _aBuford J.F.K.
_94142
245 _aMultimedia Systems
260 _aDelhi
_bPearson Education,
_c2006
300 _a462
650 _aInformation Technology
_9137
942 _cBK